000 00506nam a22001697a 4500
005 20251108164021.0
008 250721s1983 xx 000 0 ara d
082 1 4 _a210.45/عبد
100 1 _aخضر، عبد العليم عبد الرحمن
245 1 0 _aالإنسان في الكون بين القران والعلم /
264 1 _aالرياض :
_bعالم المعرفة،
_c1983.
300 _a426ص.
650 1 7 _aالإسلام
650 1 7 _aالعلوم
942 _2ddc
_cBK
999 _c1538
_d1538